Die Reichsteile und Länder Österreich-Ungarns - Statistiken

Allgemein
  • Dieses Quiz wurde 218 mal gespielt
  • Das Durchschnittsergebnis liegt bei 10 aus 18
Antwortstatistiken
Teil Österreich-Ungarns Land % Korrekt
Transleithanien Ungarn
89%
Cisleithanien Tirol
77%
Cisleithanien Böhmen
70%
Cisleithanien Oberösterreich
68%
Cisleithanien Niederösterreich
67%
Cisleithanien Vorarlberg
66%
Sonderzone Bosnien und Herzegowina
65%
Cisleithanien Kärnten
65%
Cisleithanien Salzburg
65%
Cisleithanien Steiermark
65%
Cisleithanien Mähren
61%
Cisleithanien Schlesien
46%
Cisleithanien Dalmatien
37%
Cisleithanien Krain
37%
Cisleithanien Bukowina
29%
Cisleithanien Küstenland
22%
Cisleithanien Galizien und Lodomerien
18%
Transleithanien Kroatien und Slawonien
18%
Keine übereinstimmenden Quizze gefunden
Verteilung der Resultate
Anzahl Personen mit jedem Resultat
Perzentil nach korrekt beantworteten Fragen
Ihre Resultats-Entwicklung
Sie haben dieses Quiz noch nicht gespielt